Some results about conics in affine hjelmslev planes
Gespeichert in:
| 1. Verfasser: | |
|---|---|
| Körperschaft: | |
| Format: | Buch |
| Sprache: | Englisch |
| Veröffentlicht: |
Bratislava
Ekonóm
2002
|
| Schlagworte: | |
| Tags: |
Keine Tags, Fügen Sie das erste Tag hinzu!
|
MARC
| LEADER | 00000nam a2200000 4500 | ||
|---|---|---|---|
| 001 | c139849 | ||
| 005 | 20221124092945.5 | ||
| 020 | |a 80-225-1620-1 | ||
| 041 | 0 | |a eng | |
| 044 | |a SK | ||
| 245 | 1 | 0 | |a Some results about conics in affine hjelmslev planes |c Rastislav Jurga |
| 264 | 1 | |a Bratislava |b Ekonóm |c 2002 | |
| 300 | |a 63 s. | ||
| 610 | 2 | 0 | |a matematika |
| 610 | 2 | 0 | |a modelovanie matematické |
| 610 | 2 | 0 | |a modely ekonomicko-matematické |
| 100 | 1 | |a Jurga, Rastislav | |
| 710 | 2 | |a Ekonomická univerzita v Bratislave. Podnikovohospodárska fakulta so sídlom v Košiciach | |